[Event "-chT Youth Countries 2019"]
[Site "Wuerzburg"]
[Date "2019.10.04"]
[Round "4.5"]
[White "Roste, Hugo"]
[Black "Kobald, Jacqueline"]
[Result "0-1"]
[WhiteElo "1339"]
[BlackElo "1884"]
[Annotator "NA"]
[PlyCount "92"]
[EventDate "2019.10.02"]
[EventType "team-tourn"]
[EventRounds "7"]
[EventCountry "GER"]
[SourceTitle "playchess.com"]
[Source "ChessBase"]
[SourceQuality "1"]
[WhiteTeam "Mecklenburg-Vorpommern"]
[BlackTeam "Württemberg"]
[TimeControl "40/5400+30:1800+30"]

1. d4 {[%emt 0:00:00]} Nf6 {[%emt 0:00:00]} 2. c4 {[%emt 0:00:00]} g6 {[%emt 0:00:00]} 3. Nc3 {[%emt 0:00:00]} Bg7 {[%emt 0:00:03]} 4. e4 {[%emt 0:00:20]} d6 {[%emt 0:00:12]} 5. f3 {[%emt 0:00:24]} O-O {[%emt 0:00:27]} 6. Be3 {[%emt 0:00:28]} c5 {[%emt 0:01:10]} 7. d5 {[%emt 0:00:29]} e6 {[%emt 0:01:18]} 8. Qd2 {[%emt 0:01:40]} exd5 {[%emt 0:01:02]} 9. cxd5 {[%emt 0:01:28]} a6 {[%emt 0:01:09]} 10. a4 {[%emt 0:02:05]} Nbd7 {[%emt 0:03:21]} 11. Bd3 {[%emt 0:04:33]} Ne5 {[%emt 0:04:19]} 12. Nge2 {[%emt 0:04:09]} Bd7 {[%emt 0:04:24]} 13. b3 {[%emt 0:01:30]} Qc7 {[%emt 0:06:12]} 14. O-O {[%emt 0:03:38]} Rab8 {[%emt 0:14:12]} 15. a5 {[%emt 0:02:24]} Rfc8 {[%emt 0:02:25]} 16. Bf4 {[%emt 0:02:16]} Nh5 {[%emt 0:08:04]} 17. Bxe5 {[%emt 0:02:27]} Bxe5 {[%emt 0:08:53]} 18. Ra2 {[%emt 0:06:39]} Rf8 {[%emt 0:05:45]} 19. Na4 {[%emt 0:03:04]} Bxa4 {[%emt 0:00:52]} 20. Rxa4 {[%emt 0:00:14]} Bg7 {[%emt 0:07:32]} 21. Ra2 {[%emt 0:07:30]} Qe7 {[%emt 0:09:04]} 22. b4 {[%emt 0:03:39]} Rfc8 {[%emt 0:05:00]} 23. bxc5 {[%emt 0:01:01]} Rxc5 {[%emt 0:00:50]} 24. Rc1 {[%emt 0:03:58]} Rbc8 {[%emt 0:00:31]} 25. Rac2 {[%emt 0:01:04]} Rxc2 {[%emt 0:01:15]} 26. Rxc2 {[%emt 0:00:10]} Rxc2 {[%emt 0:04:22]} 27. Qxc2 {[%emt 0:00:07]} Qd8 {[%emt 0:00:10]} 28. Qd2 {[%emt 0:01:43]} Qc7 {[%emt 0:00:21]} 29. Qb4 {[%emt 0:01:09]} Bf6 {[%emt 0:02:26]} 30. Kf1 {[%emt 0:04:49]} Bd8 {[%emt 0:01:54]} 31. Qb6 {[%emt 0:00:59]} Qxb6 {[%emt 0:02:04]} 32. axb6 {[%emt 0:00:07]} Bxb6 {[%emt 0:00:03]} 33. Ke1 {[%emt 0:00:30]} Ba5+ {[%emt 0:01:51]} 34. Kd1 {[%emt 0:00:10]} Kf8 {[%emt 0:00:19]} 35. Kc2 {[%emt 0:00:31]} Ke7 {[%emt 0:00:47]} 36. Kb3 {[%emt 0:00:59]} Kd7 {[%emt 0:00:47]} 37. Kc4 {[%emt 0:02:49]} Kc7 {[%emt 0:01:27]} 38. f4 {[%emt 0:01:53]} Nf6 {[%emt 0:02:48]} 39. h3 {[%emt 0:01:06]} h5 {[%emt 0:00:56]} 40. Nd4 {[%emt 0:02:41]} Nd7 {[%emt 0:01:08]} 41. Nf3 {[%emt 0:32:53]} b5+ {[%emt 0:03:56]} 42. Kd4 {[%emt 0:00:00]} Bb6+ {[%emt 0:02:18]} 43. Kc3 {[%emt 0:00:00]} Be3 {[%emt 0:02:42]} 44. f5 {[%emt 0:00:00]} gxf5 {[%emt 0:01:51]} 45. exf5 {[%emt 0:00:00]} Nf6 {[%emt 0:00:47]} 46. Nd4 {[%emt 0:00:00]} Nxd5+ {[%emt 0:00:28] normal} 0-1

[Event "-chT Youth Countries 2019"]
[Site "Wuerzburg"]
[Date "2019.10.04"]
[Round "4.6"]
[White "Yaghi, Rita"]
[Black "Rempe, Jonas"]
[Result "1/2-1/2"]
[WhiteElo "1973"]
[BlackElo "1816"]
[Annotator "NA"]
[PlyCount "61"]
[EventDate "2019.10.02"]
[EventType "team-tourn"]
[EventRounds "7"]
[EventCountry "GER"]
[SourceTitle "playchess.com"]
[Source "ChessBase"]
[SourceQuality "1"]
[WhiteTeam "Hessen"]
[BlackTeam "Schleswig-Holstein"]
[TimeControl "40/5400+30:1800+30"]

1. e4 {[%emt 0:00:00]} e5 {[%emt 0:00:00]} 2. Nf3 {[%emt 0:00:14]} Nc6 {[%emt 0:00:00]} 3. Bc4 {[%emt 0:00:09]} Nf6 {[%emt 0:00:00]} 4. d3 {[%emt 0:00:15]} Be7 {[%emt 0:00:00]} 5. O-O {[%emt 0:00:30]} O-O {[%emt 0:00:05]} 6. Re1 {[%emt 0:00:15]} d6 {[%emt 0:00:06]} 7. a4 {[%emt 0:00:16]} Na5 {[%emt 0:09:15]} 8. Ba2 {[%emt 0:00:16]} c5 {[%emt 0:00:07]} 9. c3 {[%emt 0:01:58]} Nc6 {[%emt 0:00:46]} 10. Nbd2 {[%emt 0:01:24]} Be6 {[%emt 0:01:12]} 11. Nf1 {[%emt 0:01:51]} Qc7 {[%emt 0:03:55]} 12. Ne3 {[%emt 0:05:07]} Bxa2 {[%emt 0:05:39]} 13. Rxa2 {[%emt 0:00:15]} Rad8 {[%emt 0:00:04]} 14. Nf5 {[%emt 0:06:36]} d5 {[%emt 0:03:20]} 15. Qe2 {[%emt 0:03:43]} c4 {[%emt 0:06:49]} 16. dxc4 {[%emt 0:07:45]} dxe4 {[%emt 0:10:28]} 17. Nxe7+ {[%emt 0:06:54]} Qxe7 {[%emt 0:09:44]} 18. Nd2 {[%emt 0:00:52]} Qd6 {[%emt 0:00:33]} 19. Nxe4 {[%emt 0:03:33]} Nxe4 {[%emt 0:00:15]} 20. Qxe4 {[%emt 0:00:05]} f5 {[%emt 0:00:19]} 21. Qe2 {[%emt 0:00:28]} e4 {[%emt 0:02:11]} 22. b4 {[%emt 0:09:01]} Qf6 {[%emt 0:02:35]} 23. Rc2 {[%emt 0:07:41]} Ne5 {[%emt 0:01:47]} 24. Be3 {[%emt 0:18:05]} Qg6 {[%emt 0:07:07]} 25. Bxa7 {[%emt 0:15:19]} Nf3+ {[%emt 0:02:20]} 26. Kh1 {[%emt 0:00:44]} Nxe1 {[%emt 0:00:55]} 27. Qxe1 {[%emt 0:00:02]} Qa6 {[%emt 0:01:56]} 28. Bc5 {[%emt 0:02:41]} Qxa4 {[%emt 0:01:28]} 29. Rc1 {[%emt 0:01:27]} Rf7 {[%emt 0:00:49]} 30. h3 {[%emt 0:00:21]} Rfd7 {[%emt 0:00:41]} 31. Bd4 {[%emt 0:00:09] normal} 1/2-1/2

[Event "-chT Youth Countries 2019"]
[Site "Wuerzburg"]
[Date "2019.10.04"]
[Round "4.6"]
[White "Browning, Rebecca"]
[Black "Brunner, Sophia"]
[Result "1-0"]
[WhiteElo "1932"]
[BlackElo "1935"]
[Annotator "NA"]
[PlyCount "93"]
[EventDate "2019.10.02"]
[EventType "team-tourn"]
[EventRounds "7"]
[EventCountry "GER"]
[SourceTitle "playchess.com"]
[Source "ChessBase"]
[SourceQuality "1"]
[WhiteTeam "Nordrhein-Westfalen"]
[BlackTeam "Niedersachsen"]
[TimeControl "40/5400+30:1800+30"]

1. e4 {[%emt 0:00:00]} e5 {[%emt 0:00:00]} 2. Nf3 {[%emt 0:00:00]} Nf6 {[%emt 0:00:00]} 3. Nc3 {[%emt 0:00:06]} d6 {[%emt 0:00:00]} 4. h3 {[%emt 0:01:29]} Be7 {[%emt 0:00:49]} 5. Bc4 {[%emt 0:01:19]} Nbd7 {[%emt 0:04:59]} 6. O-O {[%emt 0:22:28]} O-O {[%emt 0:00:19]} 7. Bb3 {[%emt 0:01:31]} Nc5 {[%emt 0:15:45]} 8. Re1 {[%emt 0:01:52]} Nxb3 {[%emt 0:00:36]} 9. axb3 {[%emt 0:00:06]} c6 {[%emt 0:00:12]} 10. d4 {[%emt 0:01:34]} Qc7 {[%emt 0:05:08]} 11. Be3 {[%emt 0:03:42]} a6 {[%emt 0:06:31]} 12. Qe2 {[%emt 0:06:23]} b5 {[%emt 0:06:42]} 13. Red1 {[%emt 0:12:42]} Bb7 {[%emt 0:04:17]} 14. d5 {[%emt 0:09:39]} cxd5 {[%emt 0:20:03]} 15. Nxd5 {[%emt 0:00:19]} Nxd5 {[%emt 0:00:21]} 16. exd5 {[%emt 0:00:07]} f5 {[%emt 0:02:30]} 17. Bg5 {[%emt 0:05:54]} h6 {[%emt 0:09:26]} 18. Bxe7 {[%emt 0:00:46]} Qxe7 {[%emt 0:00:05]} 19. c4 {[%emt 0:00:41]} bxc4 {[%emt 0:03:32]} 20. bxc4 {[%emt 0:00:14]} Qc7 {[%emt 0:04:48]} 21. b3 {[%emt 0:02:59]} g5 {[%emt 0:03:51]} 22. Rac1 {[%emt 0:03:56]} a5 {[%emt 0:03:41]} 23. c5 {[%emt 0:02:44]} dxc5 {[%emt 0:05:54]} 24. Qxe5 {[%emt 0:01:35]} Qxe5 {[%emt 0:00:42]} 25. Nxe5 {[%emt 0:00:06]} Rfe8 {[%emt 0:00:50]} 26. Nc6 {[%emt 0:01:45]} Bxc6 {[%emt 0:01:08]} 27. dxc6 {[%emt 0:00:06]} Re5 {[%emt 0:00:39]} 28. c7 {[%emt 0:00:39]} Rc8 {[%emt 0:00:29]} 29. Rd8+ {[%emt 0:00:06]} Re8 {[%emt 0:00:03]} 30. Rxe8+ {[%emt 0:00:47]} Rxe8 {[%emt 0:00:01]} 31. Rxc5 {[%emt 0:00:07]} Rc8 {[%emt 0:00:02]} 32. Rxa5 {[%emt 0:02:17]} Rxc7 {[%emt 0:00:04]} 33. Rxf5 {[%emt 0:00:03]} Rb7 {[%emt 0:00:39]} 34. Rf3 {[%emt 0:00:09]} Kg7 {[%emt 0:00:30]} 35. Kf1 {[%emt 0:00:58]} h5 {[%emt 0:00:50]} 36. Ke2 {[%emt 0:00:24]} Kg6 {[%emt 0:00:22]} 37. Kd2 {[%emt 0:00:23]} g4 {[%emt 0:00:23]} 38. hxg4 {[%emt 0:00:48]} hxg4 {[%emt 0:00:05]} 39. Rg3 {[%emt 0:01:00]} Kf5 {[%emt 0:00:04]} 40. f3 {[%emt 0:01:02]} gxf3 {[%emt 0:00:36]} 41. Rxf3+ {[%emt 0:30:22]} Ke4 {[%emt 0:30:34]} 42. Re3+ {[%emt 0:01:22]} Kf4 {[%emt 0:01:10]} 43. g3+ {[%emt 0:00:12]} Kf5 {[%emt 0:00:18]} 44. Kc3 {[%emt 0:00:25]} Kg5 {[%emt 0:00:42]} 45. b4 {[%emt 0:00:22]} Kf5 {[%emt 0:00:24]} 46. Kc4 {[%emt 0:00:09]} Rg7 {[%emt 0:00:13]} 47. b5 {[%emt 0:00:26] normal} 1-0

[Event "-chT Youth Countries 2019"]
[Site "Wuerzburg"]
[Date "2019.10.04"]
[Round "4.6"]
[White "Metzdorf, Matteo"]
[Black "Costa, Leonardo"]
[Result "0-1"]
[WhiteElo "1862"]
[BlackElo "1959"]
[Annotator "NA"]
[PlyCount "92"]
[EventDate "2019.10.02"]
[EventType "team-tourn"]
[EventRounds "7"]
[EventCountry "GER"]
[SourceTitle "playchess.com"]
[Source "ChessBase"]
[SourceQuality "1"]
[WhiteTeam "Rheinland-Pfalz"]
[BlackTeam "Bayern 1"]
[TimeControl "40/5400+30:1800+30"]

1. e4 {[%emt 0:00:00]} e5 {[%emt 0:00:00]} 2. Nf3 {[%emt 0:00:00]} Nc6 {[%emt 0:00:00]} 3. Bb5 {[%emt 0:00:00]} a6 {[%emt 0:00:00]} 4. Ba4 {[%emt 0:00:00]} Nf6 {[%emt 0:00:00]} 5. O-O {[%emt 0:00:00]} b5 {[%emt 0:00:00]} 6. Bb3 {[%emt 0:00:01]} Bc5 {[%emt 0:00:02]} 7. c3 {[%emt 0:00:23]} d6 {[%emt 0:00:06]} 8. d4 {[%emt 0:00:05]} Bb6 {[%emt 0:00:05]} 9. a4 {[%emt 0:00:07]} Rb8 {[%emt 0:00:18]} 10. a5 {[%emt 0:00:18]} Ba7 {[%emt 0:00:11]} 11. h3 {[%emt 0:00:45]} O-O {[%emt 0:00:30]} 12. Be3 {[%emt 0:00:29]} exd4 {[%emt 0:01:13]} 13. cxd4 {[%emt 0:00:31]} Nb4 {[%emt 0:00:12]} 14. Nc3 {[%emt 0:01:30]} Bb7 {[%emt 0:00:31]} 15. Ng5 {[%emt 0:11:43]} Qe8 {[%emt 0:01:54]} 16. e5 {[%emt 0:10:06]} dxe5 {[%emt 0:11:01]} 17. dxe5 {[%emt 0:01:35]} Bxe3 {[%emt 0:00:21]} 18. fxe3 {[%emt 0:01:38]} Qxe5 {[%emt 0:03:08]} 19. Nxf7 {[%emt 0:32:09]} Qxe3+ {[%emt 0:06:48]} 20. Kh2 {[%emt 0:01:28]} Rxf7 {[%emt 0:03:41]} 21. Bxf7+ {[%emt 0:03:38]} Kxf7 {[%emt 0:03:14]} 22. Qb3+ {[%emt 0:08:07]} Nbd5 {[%emt 0:01:28]} 23. Rae1 {[%emt 0:01:32]} Qc5 {[%emt 0:21:20]} 24. Ne4 {[%emt 0:05:18]} Qc4 {[%emt 0:04:07]} 25. Qg3 {[%emt 0:01:57]} Re8 {[%emt 0:14:17]} 26. Ng5+ {[%emt 0:08:34]} Kg8 {[%emt 0:00:22]} 27. Rxe8+ {[%emt 0:02:37]} Nxe8 {[%emt 0:00:06]} 28. Qe5 {[%emt 0:01:24]} Ndf6 {[%emt 0:02:47]} 29. Qe7 {[%emt 0:05:25]} Qd5 {[%emt 0:04:02]} 30. Qe6+ {[%emt 0:02:29]} Qxe6 {[%emt 0:01:26]} 31. Nxe6 {[%emt 0:00:04]} Bc8 {[%emt 0:02:03]} 32. Nc5 {[%emt 0:00:47]} Nd6 {[%emt 0:03:55]} 33. Rd1 {[%emt 0:00:59]} Kf7 {[%emt 0:00:20]} 34. Kg3 {[%emt 0:00:44]} Nfe4+ {[%emt 0:03:27]} 35. Nxe4 {[%emt 0:00:08]} Nxe4+ {[%emt 0:00:04]} 36. Kf4 {[%emt 0:00:45]} Nd6 {[%emt 0:02:40]} 37. Rc1 {[%emt 0:00:22]} Ne8 {[%emt 0:00:07]} 38. Ke5 {[%emt 0:00:38]} Bb7 {[%emt 0:00:15]} 39. g3 {[%emt 0:00:25]} Ke7 {[%emt 0:00:44]} 40. Rc2 {[%emt 0:00:42]} Kd7 {[%emt 0:01:00]} 41. b3 {[%emt 0:03:12]} Nf6 {[%emt 0:03:29]} 42. Rd2+ {[%emt 0:06:28]} Ke7 {[%emt 0:02:15]} 43. Rc2 {[%emt 0:03:14]} c5 {[%emt 0:03:17]} 44. g4 {[%emt 0:04:26]} Nd7+ {[%emt 0:01:31]} 45. Kf5 {[%emt 0:00:54]} Bd5 {[%emt 0:01:23]} 46. Re2+ {[%emt 0:01:38]} Kd6 {[%emt 0:00:12] normal} 0-1

[Event "-chT Youth Countries 2019"]
[Site "Wuerzburg"]
[Date "2019.10.04"]
[Round "4.6"]
[White "Peglau, Charis"]
[Black "Dietz, Kristin"]
[Result "1/2-1/2"]
[WhiteElo "1827"]
[BlackElo "1948"]
[Annotator "NA"]
[PlyCount "55"]
[EventDate "2019.10.02"]
[EventType "team-tourn"]
[EventRounds "7"]
[EventCountry "GER"]
[SourceTitle "playchess.com"]
[Source "ChessBase"]
[SourceQuality "1"]
[WhiteTeam "Sachsen"]
[BlackTeam "Sachsen-Anhalt"]
[TimeControl "40/5400+30:1800+30"]

1. e4 {[%emt 0:00:00]} c5 {[%emt 0:00:00]} 2. Nf3 {[%emt 0:00:00]} e6 {[%emt 0:00:00]} 3. d4 {[%emt 0:00:00]} cxd4 {[%emt 0:00:00]} 4. Nxd4 {[%emt 0:00:00]} a6 {[%emt 0:00:00]} 5. c4 {[%emt 0:00:09]} Nf6 {[%emt 0:00:13]} 6. Nc3 {[%emt 0:00:12]} Bb4 {[%emt 0:00:18]} 7. f3 {[%emt 0:01:09]} O-O {[%emt 0:08:23]} 8. Be3 {[%emt 0:00:35]} Nc6 {[%emt 0:00:33]} 9. Be2 {[%emt 0:00:22]} d5 {[%emt 0:03:12]} 10. exd5 {[%emt 0:02:07]} exd5 {[%emt 0:00:13]} 11. O-O {[%emt 0:00:27]} Qe7 {[%emt 0:36:53]} 12. Bf2 {[%emt 0:04:18]} Rd8 {[%emt 0:00:32]} 13. cxd5 {[%emt 0:01:34]} Bxc3 {[%emt 0:08:13]} 14. bxc3 {[%emt 0:01:20]} Nxd5 {[%emt 0:00:13]} 15. Nxc6 {[%emt 0:00:42]} bxc6 {[%emt 0:00:07]} 16. Qc2 {[%emt 0:01:45]} Qg5 {[%emt 0:03:51]} 17. Rfd1 {[%emt 0:08:56]} Bh3 {[%emt 0:04:32]} 18. Bf1 {[%emt 0:01:26]} Rd6 {[%emt 0:06:20]} 19. c4 {[%emt 0:01:48]} Rg6 {[%emt 0:00:33]} 20. cxd5 {[%emt 0:03:32]} Bxg2 {[%emt 0:00:11]} 21. Bg3 {[%emt 0:00:12]} Bxf3 {[%emt 0:00:11]} 22. d6 {[%emt 0:07:47]} h5 {[%emt 0:06:28]} 23. Bg2 {[%emt 0:29:46]} Bxg2 {[%emt 0:03:53]} 24. Kxg2 {[%emt 0:02:21]} h4 {[%emt 0:00:23]} 25. Qxc6 {[%emt 0:01:48]} Rf8 {[%emt 0:00:07]} 26. Qf3 {[%emt 0:00:37]} hxg3 {[%emt 0:03:21]} 27. hxg3 {[%emt 0:00:19]} Qe5 {[%emt 0:00:59]} 28. d7 {[%emt 0:01:01] normal} 1/2-1/2

[Event "-chT Youth Countries 2019"]
[Site "Wuerzburg"]
[Date "2019.10.04"]
[Round "4.6"]
[White "Butenandt, Svenja"]
[Black "Kluehs, Gustaf"]
[Result "0-1"]
[WhiteElo "1805"]
[BlackElo "1902"]
[Annotator "NA"]
[PlyCount "59"]
[EventDate "2019.10.02"]
[EventType "team-tourn"]
[EventRounds "7"]
[EventCountry "GER"]
[SourceTitle "playchess.com"]
[Source "ChessBase"]
[SourceQuality "1"]
[WhiteTeam "Bayern 2"]
[BlackTeam "Berlin"]
[TimeControl "40/5400+30:1800+30"]

1. d4 {[%emt 0:00:00]} Nf6 {[%emt 0:00:00]} 2. c4 {[%emt 0:00:00]} g6 {[%emt 0:00:00]} 3. Nc3 {[%emt 0:00:00]} Bg7 {[%emt 0:00:00]} 4. e4 {[%emt 0:00:00]} d6 {[%emt 0:00:04]} 5. Nf3 {[%emt 0:00:00]} O-O {[%emt 0:00:09]} 6. Be2 {[%emt 0:00:00]} c5 {[%emt 0:00:08]} 7. d5 {[%emt 0:01:20]} Na6 {[%emt 0:00:11]} 8. a3 {[%emt 0:03:01]} e5 {[%emt 0:03:24]} 9. Bg5 {[%emt 0:01:36]} h6 {[%emt 0:00:55]} 10. Bd2 {[%emt 0:00:37]} Kh7 {[%emt 0:01:04]} 11. h4 {[%emt 0:11:33]} Ne8 {[%emt 0:03:55]} 12. Qc1 {[%emt 0:06:01]} f5 {[%emt 0:02:58]} 13. h5 {[%emt 0:02:23]} g5 {[%emt 0:00:33]} 14. exf5 {[%emt 0:03:42]} Bxf5 {[%emt 0:00:24]} 15. g4 {[%emt 0:01:50]} Bxg4 {[%emt 0:10:53]} 16. Nxg5+ {[%emt 0:01:42]} hxg5 {[%emt 0:00:12]} 17. Bxg4 {[%emt 0:00:10]} e4 {[%emt 0:03:28]} 18. Nxe4 {[%emt 0:09:24]} Qe7 {[%emt 0:01:48]} 19. Be6 {[%emt 0:00:38]} Nec7 {[%emt 0:01:12]} 20. Bxg5 {[%emt 0:04:34]} Qe8 {[%emt 0:00:43]} 21. Nxd6 {[%emt 0:01:07]} Qa4 {[%emt 0:05:55]} 22. Qb1+ {[%emt 0:12:51]} Kh8 {[%emt 0:00:12]} 23. Bf7 {[%emt 0:10:04]} Qa5+ {[%emt 0:04:54]} 24. Bd2 {[%emt 0:01:32]} Qb6 {[%emt 0:00:19]} 25. h6 {[%emt 0:13:17]} Bd4 {[%emt 0:01:11]} 26. Bf4 {[%emt 0:05:02]} Ne8 {[%emt 0:04:51]} 27. Nxe8 {[%emt 0:08:10]} Rxf7 {[%emt 0:00:51]} 28. Qe4 {[%emt 0:00:49]} Rxf4 {[%emt 0:00:18]} 29. Qxf4 {[%emt 0:00:04]} Rxe8+ {[%emt 0:00:17]} 30. Kf1 {[%emt 0:00:59] normal} 0-1

[Event "-chT Youth Countries 2019"]
[Site "Wuerzburg"]
[Date "2019.10.04"]
[Round "4.6"]
[White "Schwartz, Oliver"]
[Black "Gressler, Christian"]
[Result "1-0"]
[WhiteElo "1650"]
[BlackElo "1464"]
[Annotator "NA"]
[PlyCount "89"]
[EventDate "2019.10.02"]
[EventType "team-tourn"]
[EventRounds "7"]
[EventCountry "GER"]
[SourceTitle "playchess.com"]
[Source "ChessBase"]
[SourceQuality "1"]
[WhiteTeam "Württemberg"]
[BlackTeam "Mecklenburg-Vorpommern"]
[TimeControl "40/5400+30:1800+30"]

1. e4 {[%emt 0:00:00]} e6 {[%emt 0:00:00]} 2. d4 {[%emt 0:00:00]} d5 {[%emt 0:00:00]} 3. e5 {[%emt 0:00:00]} c5 {[%emt 0:00:00]} 4. c3 {[%emt 0:00:00]} Nc6 {[%emt 0:00:00]} 5. Nf3 {[%emt 0:00:00]} Bd7 {[%emt 0:00:08]} 6. a3 {[%emt 0:00:04]} f6 {[%emt 0:01:33]} 7. Bd3 {[%emt 0:05:05]} Qc7 {[%emt 0:02:07]} 8. Bf4 {[%emt 0:02:09]} O-O-O {[%emt 0:04:44]} 9. Bc2 {[%emt 0:07:16]} h5 {[%emt 0:08:26]} 10. h3 {[%emt 0:02:27]} Be7 {[%emt 0:15:04]} 11. b4 {[%emt 0:01:30]} g5 {[%emt 0:05:07]} 12. Bg3 {[%emt 0:01:08]} h4 {[%emt 0:01:09]} 13. Bh2 {[%emt 0:00:20]} f5 {[%emt 0:00:50]} 14. bxc5 {[%emt 0:00:48]} Nh6 {[%emt 0:04:24]} 15. Nfd2 {[%emt 0:15:25]} Rdg8 {[%emt 0:10:11]} 16. a4 {[%emt 0:04:45]} g4 {[%emt 0:05:31]} 17. Bf4 {[%emt 0:01:52]} Bg5 {[%emt 0:03:56]} 18. Bxg5 {[%emt 0:01:22]} Rxg5 {[%emt 0:00:09]} 19. Na3 {[%emt 0:00:27]} a6 {[%emt 0:03:51]} 20. Bd3 {[%emt 0:08:30]} gxh3 {[%emt 0:02:58]} 21. gxh3 {[%emt 0:00:32]} Nxe5 {[%emt 0:02:42]} 22. Be2 {[%emt 0:17:46]} Nc6 {[%emt 0:04:13]} 23. Nf3 {[%emt 0:02:07]} Rg7 {[%emt 0:00:30]} 24. Nc2 {[%emt 0:01:43]} Nf7 {[%emt 0:01:31]} 25. Nb4 {[%emt 0:00:59]} Ng5 {[%emt 0:01:53]} 26. Rb1 {[%emt 0:06:21]} Nxf3+ {[%emt 0:01:03]} 27. Bxf3 {[%emt 0:00:12]} Rhg8 {[%emt 0:03:50]} 28. Kf1 {[%emt 0:00:46]} Qa5 {[%emt 0:03:21]} 29. Qe2 {[%emt 0:07:53]} Rg6 {[%emt 0:02:41]} 30. Nxc6 {[%emt 0:01:31]} Bxc6 {[%emt 0:00:16]} 31. c4 {[%emt 0:01:03]} Qxa4 {[%emt 0:01:45]} 32. cxd5 {[%emt 0:00:45]} Bb5 {[%emt 0:00:16]} 33. Rxb5 {[%emt 0:00:47]} Qxb5 {[%emt 0:00:06]} 34. Qxb5 {[%emt 0:00:17]} axb5 {[%emt 0:00:06]} 35. d6 {[%emt 0:00:14]} b4 {[%emt 0:00:56]} 36. Bd1 {[%emt 0:00:57]} Rd8 {[%emt 0:01:34]} 37. Bb3 {[%emt 0:00:46]} b5 {[%emt 0:03:35]} 38. Ke2 {[%emt 0:00:59]} Kd7 {[%emt 0:02:41]} 39. Ra1 {[%emt 0:00:45]} e5 {[%emt 0:02:39]} 40. Ra7+ {[%emt 0:01:36]} Kc8 {[%emt 0:00:59]} 41. dxe5 {[%emt 0:31:57]} Kb8 {[%emt 0:04:16]} 42. Ra5 {[%emt 0:00:00]} Re8 {[%emt 0:02:32]} 43. e6 {[%emt 0:00:00]} Rgxe6+ {[%emt 0:04:10]} 44. Bxe6 {[%emt 0:00:00]} Rxe6+ {[%emt 0:00:03]} 45. Kf3 {[%emt 0:00:00] normal} 1-0

[Event "-chT Youth Countries 2019"]
[Site "Wuerzburg"]
[Date "2019.10.04"]
[Round "4.6"]
[White "Pavlov, Liliane"]
[Black "Wang, Xinyuan"]
[Result "1-0"]
[WhiteElo "1632"]
[BlackElo "2020"]
[Annotator "NA"]
[PlyCount "91"]
[EventDate "2019.10.02"]
[EventType "team-tourn"]
[EventRounds "7"]
[EventCountry "GER"]
[SourceTitle "playchess.com"]
[Source "ChessBase"]
[SourceQuality "1"]
[WhiteTeam "Team Süd"]
[BlackTeam "Baden 1"]
[TimeControl "40/5400+30:1800+30"]

1. d4 {[%emt 0:00:00]} Nf6 {[%emt 0:00:00]} 2. c4 {[%emt 0:00:00]} e6 {[%emt 0:00:00]} 3. Nf3 {[%emt 0:00:00]} d5 {[%emt 0:00:00]} 4. g3 {[%emt 0:00:12]} c6 {[%emt 0:01:52]} 5. Bg2 {[%emt 0:01:00]} Bd6 {[%emt 0:01:10]} 6. c5 {[%emt 0:01:22]} Bc7 {[%emt 0:00:09]} 7. O-O {[%emt 0:00:27]} Nbd7 {[%emt 0:00:24]} 8. Nc3 {[%emt 0:01:01]} b6 {[%emt 0:02:05]} 9. b4 {[%emt 0:00:57]} a5 {[%emt 0:00:43]} 10. cxb6 {[%emt 0:01:30]} Bxb6 {[%emt 0:01:04]} 11. b5 {[%emt 0:01:04]} c5 {[%emt 0:02:30]} 12. dxc5 {[%emt 0:03:07]} Bxc5 {[%emt 0:00:44]} 13. Na4 {[%emt 0:01:48]} Bd6 {[%emt 0:01:34]} 14. h3 {[%emt 0:01:47]} O-O {[%emt 0:00:44]} 15. Be3 {[%emt 0:01:22]} Rb8 {[%emt 0:01:22]} 16. Rb1 {[%emt 0:00:57]} e5 {[%emt 0:01:03]} 17. Ba7 {[%emt 0:02:16]} Ra8 {[%emt 0:01:26]} 18. b6 {[%emt 0:01:52]} Bb7 {[%emt 0:00:11]} 19. Qb3 {[%emt 0:03:42]} Re8 {[%emt 0:04:16]} 20. Rfc1 {[%emt 0:03:24]} Qe7 {[%emt 0:13:17]} 21. Qb5 {[%emt 0:02:54]} e4 {[%emt 0:03:51]} 22. Nd4 {[%emt 0:02:39]} e3 {[%emt 0:01:45]} 23. f4 {[%emt 0:05:07]} Rec8 {[%emt 0:05:13]} 24. Nf5 {[%emt 0:03:19]} Qe6 {[%emt 0:00:13]} 25. Nxd6 {[%emt 0:01:03]} Qxd6 {[%emt 0:00:13]} 26. Qxa5 {[%emt 0:01:20]} Nh5 {[%emt 0:01:06]} 27. Rc7 {[%emt 0:18:14]} Qg6 {[%emt 0:05:16]} 28. Qe1 {[%emt 0:05:45]} Rxc7 {[%emt 0:02:38]} 29. bxc7 {[%emt 0:01:02]} Bc8 {[%emt 0:02:48]} 30. Nb6 {[%emt 0:02:48]} Nxb6 {[%emt 0:04:46]} 31. Rxb6 {[%emt 0:03:50]} Qf5 {[%emt 0:01:09]} 32. Rd6 {[%emt 0:04:37]} Bd7 {[%emt 0:03:01]} 33. Rxd5 {[%emt 0:03:41]} Qe6 {[%emt 0:00:54]} 34. Re5 {[%emt 0:00:45]} Rxa7 {[%emt 0:01:18]} 35. Rxe6 {[%emt 0:00:13]} fxe6 {[%emt 0:01:00]} 36. Qc3 {[%emt 0:04:11]} Bc8 {[%emt 0:07:37]} 37. Qc5 {[%emt 0:02:18]} Rxa2 {[%emt 0:01:04]} 38. Qxh5 {[%emt 0:00:13]} g6 {[%emt 0:00:39]} 39. Qb5 {[%emt 0:00:42]} e5 {[%emt 0:01:17]} 40. Bd5+ {[%emt 0:00:21]} Kg7 {[%emt 0:00:11]} 41. Bxa2 {[%emt 0:30:13]} exf4 {[%emt 0:30:06]} 42. Qe5+ {[%emt 0:00:18]} Kh6 {[%emt 0:00:22]} 43. Qxf4+ {[%emt 0:00:22]} Kg7 {[%emt 0:00:07]} 44. Qf7+ {[%emt 0:00:13]} Kh6 {[%emt 0:00:06]} 45. Qf8+ {[%emt 0:00:21]} Kh5 {[%emt 0:00:23]} 46. Qxc8 {[%emt 0:00:32] normal} 1-0